00858 2200301 4500001002100000005001500021035002000036007000300056008004100059020002200100040002200122082001200144084001400156090001800170090002200188100002800210245007400238300004200312650002000354850001200374041000800386264003500394336002100429337003000450338002300480504003100503990002200534INLIS00000000084761220190521021317 a0010-0519000947ta190521t2018 yoia g 1 ind d a978-602-5759-41-3 aYOPDYOGbinderda04223a627 a627 MUL p aDEP 627 MUL p aCB-D.11 2018-23740 aMulyanto, H.R.epenulis10aPengembangan sumberdaya air terpadu Edisi 2 /cpenulis, H.R. Mulyanto avii, 89 halaman :bilustrasi ;c24 cm 4aAir, Pengaturan aYOPDYOG0 aind31aYogyakarta :bTeknosain,c2018 2rdacontentateks 2rdamediaatanpa perantara 2rdacarrieravolume aBibliografi : halaman [89] aCB-D.11/2018-2374